MARC Record
Leader
003
BE-GnUNI
007
't'u
035
a| (MSK)314000217
084
a| II.B.241
245
0
0
a| G.O.V. Heraut :
b| driemaandelijks blad van de Gidsenbond van Gent en Oost-Vlaanderen (titel varieert: De Heraut G.O.V. : driemaandelijks blad van de Gidsenbond van Gent en Oost-Vlaanderen).
260
a| Gent :
b| Gidsenbond van Gent en Oost-Vlaanderen,
c| 1966-.
546
a| Nederlands
500
a| Tijdschriften
852
4
b| MSK
c| MSK
j| II.B.241
920
a| tijdschrift
001
000044416
005
20241224121705.0